Central Library OPAC University of Rajshahi

সামটা : (Record no. 39729)

MARC details
000 -LEADER
fixed length control field 00935nam a2200229 a 4500
001 - CONTROL NUMBER
control field 39729
003 - CONTROL NUMBER IDENTIFIER
rucl marc code BD-RjUL
005 - DATE AND TIME OF LATEST TRANSACTION
control field 20211209053039.0
008 - FIXED-LENGTH DATA ELEMENTS--GENERAL INFORMATION
fixed length control field 160417s2013 bg a|||| |||| 000 0 ben d
020 ## - INTERNATIONAL STANDARD BOOK NUMBER
International Standard Book Number 9789845061759
Terms of availability : TK. 360.00
035 ## - SYSTEM CONTROL NUMBER
System control number (BD-RjUL)39842
040 ## - CATALOGING SOURCE
Original cataloging agency BD-RjUL
Language of cataloging ben
Transcribing agency BD-RjUL
Modifying agency BD-RjUL
041 ## - LANGUAGE CODE
Language code of text/sound track or separate title ben
082 ## - DEWEY DECIMAL CLASSIFICATION NUMBER
Edition number 23
Classification number 615.925715
Author mark and year PAR 2013
100 ## - MAIN ENTRY--PERSONAL NAME
Personal name পারভীন, মনজুয়ারা
9 (RLIN) 122373
245 00 - TITLE STATEMENT
Title সামটা :
Remainder of title আর্সেনিক দূষণে আক্রান্ত একটি গ্রাম /
Statement of responsibility, etc. মনজুয়ারা পারভীন
260 ## - PUBLICATION, DISTRIBUTION, ETC. (IMPRINT)
Place of publication, distribution, etc. ঢাকা :
Name of publisher, distributor, etc. দি ইউনিভার্সিটি প্রেস লিমিটেড,
Date of publication, distribution, etc. ২০১৩.
300 ## - PHYSICAL DESCRIPTION
Pagination xiii, ২১২ পৃ. :
Illustrations চিত্র ;
Size ২২ সেমি.
650 ## - SUBJECT ADDED ENTRY--TOPICAL TERM
Topical term or geographic name as entry element আর্সেনিক
9 (RLIN) 122374
Topical term or geographic name as entry element Arsenic
9 (RLIN) 122375
942 ## - ADDED ENTRY ELEMENTS (KOHA)
Source of classification or shelving scheme Dewey Decimal Classification
Koha item type Books
Holdings
Lost status Source of classification or shelving scheme Damaged status Not for loan Collection code Permanent Location Current Location Shelving location Date acquired Source of acquisition Cost, normal purchase price Total Checkouts Full call number Date last seen Copy number Koha item type
  Dewey Decimal Classification   Not For Loan Non-fiction Central Library, University of Rajshahi Central Library, University of Rajshahi Reading Room 26/12/2013 Prothoma Prokashon, Dhaka. 360.00   B 615.925715 PAR 2013 17/04/2016 C-1 Books
  Dewey Decimal Classification     Non-fiction Central Library, University of Rajshahi Central Library, University of Rajshahi   26/12/2013 Prothoma Prokashon, Dhaka. 360.00   B 615.925715 PAR 2013 17/04/2016 C-2 Books